| 000 | 00589nam a22001817a 4500 | ||
|---|---|---|---|
| 003 | OSt | ||
| 005 | 20180604072323.0 | ||
| 008 | 180319b xxu||||| |||| 00| 0 spa d | ||
| 040 | _cPJ | ||
| 100 |
_9880 _aOviedo, José María Martín |
||
| 245 | 1 | 0 |
_aFormación y aplicación del derecho : _b(aspectos actuales) / _cJosé María Martín Oviedo. |
| 260 |
_aMadrid : _bInstituto de Estudios Políticos, _c1972. |
||
| 300 |
_a196 p. _c22 cm |
||
| 490 | _aSerie Jurídica | ||
| 504 | _aBibliografía: p. 151-170. | ||
| 650 |
_aDERECHO EN GENERAL _9209 |
||
| 942 |
_2udc _cLIB _h340.11 _iOVI |
||
| 999 |
_c126 _d126 |
||